Construction safety
Saved in:
| Main Authors | , |
|---|---|
| Format | Book |
| Language | English |
| Published |
Heidelberg :
Springer,
c2013
|
| Series | Risk engineering
|
| Subjects | |
| Online Access | Obsah Anotace Biografické informace |
| ISBN | 9783642350450 |
| Physical Description | xii, 159 s. : il. ; 24 cm |
Cover
| LEADER | 00000cam a2200000 a 4500 | ||
|---|---|---|---|
| 001 | 68730 | ||
| 003 | CZ-ZlUTB | ||
| 005 | 20240829152527.0 | ||
| 007 | ta | ||
| 008 | 121226s2013 gw a 001 0 eng | ||
| 020 | |a 9783642350450 |q (váz.) | ||
| 040 | |a DLC |b cze |c DLC |d DLC |d ZLD002 | ||
| 072 | 7 | |a 624 |x Stavební inženýrství |2 Konspekt |9 19 | |
| 080 | |a 624.01/.07 |2 MRF | ||
| 080 | |a 624.01/.07:620.1 |2 MRF | ||
| 080 | |a 69.059.22 |2 MRF | ||
| 080 | |a 69.059.28 |2 MRF | ||
| 080 | |a 005.934 |2 MRF | ||
| 080 | |a (048.8) |2 MRF | ||
| 100 | 1 | |a Li, Rita Yi Man |7 utb2013795943 |4 aut | |
| 245 | 1 | 0 | |a Construction safety / |c Rita Yi Man Li, Sun Wah Poon |
| 260 | |a Heidelberg : |b Springer, |c c2013 | ||
| 300 | |a xii, 159 s. : |b il. ; |c 24 cm | ||
| 490 | 1 | |a Risk engineering | |
| 504 | |a Obsahuje bibliografie a rejstřík | ||
| 650 | 0 | 7 | |a stavební konstrukce |7 ph116279 |2 czenas |
| 650 | 0 | 7 | |a zkoušení konstrukcí |7 ph541597 |2 czenas |
| 650 | 0 | 7 | |a poruchy stavebních konstrukcí |7 ph250786 |2 czenas |
| 650 | 0 | 7 | |a zřícení staveb |7 ph162655 |2 czenas |
| 650 | 0 | 7 | |a bezpečnostní management |7 ph170456 |2 czenas |
| 650 | 0 | 9 | |a structures |2 eczenas |
| 650 | 0 | 9 | |a structure testing |2 eczenas |
| 650 | 0 | 9 | |a construction failures |2 eczenas |
| 650 | 0 | 9 | |a building blast effects |2 eczenas |
| 650 | 0 | 9 | |a safety management |2 eczenas |
| 655 | 7 | |a monografie |7 fd132842 |2 czenas | |
| 655 | 9 | |a monographs |2 eczenas | |
| 700 | 1 | |a Poon, Sun Wah |7 utb2013795946 |4 aut | |
| 830 | 0 | |a Risk engineering | |
| 856 | 4 | 1 | |3 Obsah |u http://www.loc.gov/catdir/enhancements/fy1313/2012956307-t.html |
| 856 | 4 | 2 | |3 Anotace |u http://www.loc.gov/catdir/enhancements/fy1313/2012956307-d.html |
| 856 | 4 | 2 | |3 Biografické informace |u http://www.loc.gov/catdir/enhancements/fy1313/2012956307-b.html |
| 910 | |a ZLD002 | ||
| 952 | |0 0 |1 0 |4 0 |6 624LIRYM |7 0 |8 BOOK |9 124667 |a UTBZL |b UTBZL |c 005 |d 2013-11-27 |l 0 |o 624/LI,R.Y.M. |p 420010149696 |r 2019-08-26 00:00:00 |v 3180.00 |w 2019-08-26 |x N:nákup; |y 01 | ||
| 992 | |a BK |b SK | ||
| 999 | |c 68730 |d 68730 | ||